| 000 | 00961nam a2200265Ia 4500 | ||
|---|---|---|---|
| 003 | OSt | ||
| 005 | 20220916110905.0 | ||
| 006 | a|||||r|||| 00| 0 | ||
| 007 | ta | ||
| 008 | 220915b |||||||| |||| 00| 0 hin d | ||
| 020 | _a8181432797 (hbk) | ||
| 024 | _a569 | ||
| 037 | _b484, 21/03/2008, Vani Prakashan | ||
| 037 | _cTextbook | ||
| 040 |
_bhin _aARTS _cARTS |
||
| 041 | _ahin | ||
| 082 | _aO157,6N62x, 152P5 | ||
| 100 | _aनसरीन, तसलीमा; गुप्ता, सुशील, अनु. | ||
| 245 | 0 | _aछोटे - छोटे दुःख | |
| 246 | _aChhoṭe - chhoṭe duahkha | ||
| 260 |
_aनई _bदिल्ली वाणी प्रकाशन भारत _c2005 |
||
| 300 |
_a255पृ0 _ccm. |
||
| 942 |
_hO157,6N62x, 152P5 _cTB _2CC |
||
| 999 |
_c100540 _d100540 |
||